|
|
|
|
| LEADER |
00000cam a2200000 7i4500 |
| 001 |
0000095643 |
| 005 |
20120622.0 |
| 008 |
101110 eng |
| 020 |
|
|
|a 9676104663
|
| 090 |
0 |
0 |
|a JF SER
|
| 100 |
1 |
|
|a Mohamad Azman
|
| 245 |
1 |
0 |
|a Sunny And Spotty
|c Mohamad Azman
|
| 260 |
|
|
|a Selangor :
|b Utusan Publications & Distributors Sdn. Bhd. ,
|c 1994
|
| 300 |
|
|
|a 15p. :
|b ill.col. ;
|c 21cm.
|
| 440 |
|
0 |
|a Rainbow Stories
|
| 650 |
0 |
0 |
|a Junior,English Fiction.
|
| 999 |
|
|
|a 0000206706
|b Buku
|c Koleksi Pinjaman Kanak-Kanak
|e PK Melaka Mall
|
| 999 |
|
|
|a 0000338122
|b Buku
|c Koleksi Pinjaman Kanak-Kanak
|e Perpustakaan Cawangan Jasin
|
| 999 |
|
|
|a 21374
|b Buku
|c Koleksi Pinjaman Kanak-Kanak
|e Perpustakaan Cawangan Masjid Tanah
|